Přestavba studia na Vysoké škole ekonomické v Praze.
Stručný priebeh činnosti VŠE v Prahe v minulosti. Uplatnenie nového vysokoškolského zákona o trojstupňovom štúdiu a novej organizácii štúdia a školy od r. 1990. Zameranie fakulty na financie a účtovníctvo. Charakteristika organizácie štúdia a študijných odborov na VŠE v Prahe.
Salvato in:
| Autore principale: | |
|---|---|
| Natura: | Capitolo di libro |
| Lingua: | ceco |
| Soggetti: | |
| Tags: |
Nessun Tag, puoi essere il primo ad aggiungerne!!
|
MARC
| LEADER | 00000naa a2200000 4500 | ||
|---|---|---|---|
| 001 | r006707 | ||
| 005 | 20221125081455.8 | ||
| 041 | 0 | |a cze | |
| 044 | |a [CS] | ||
| 245 | 1 | 0 | |a Přestavba studia na Vysoké škole ekonomické v Praze. |c Vladimír Pilný |
| 520 | |a Stručný priebeh činnosti VŠE v Prahe v minulosti. Uplatnenie nového vysokoškolského zákona o trojstupňovom štúdiu a novej organizácii štúdia a školy od r. 1990. Zameranie fakulty na financie a účtovníctvo. Charakteristika organizácie štúdia a študijných odborov na VŠE v Prahe. | ||
| 610 | 2 | 0 | |a reformy školské |
| 610 | 2 | 0 | |a Vysoká škola ekonomická v Prahe |
| 610 | 2 | 0 | |a zákony |
| 610 | 2 | 0 | |a Československo |
| 610 | 2 | 0 | |a 1990 |
| 610 | 2 | 0 | |a reorganizácia |
| 610 | 2 | 0 | |a školy vysoké |
| 610 | 2 | 0 | |a financie |
| 610 | 2 | 0 | |a účtovníctvo |
| 610 | 2 | 0 | |a odbory študijné |
| 100 | 1 | |a Pilný, Vladimír | |